Mixed methods research: Merging theory with practice (Record no. 529895)
[ view plain ]
| 000 -LEADER | |
|---|---|
| fixed length control field | 00243nam a22000977a 4500 |
| 040 ## - CATALOGING SOURCE | |
| Transcribing agency | DLC |
| 082 ## - DEWEY DECIMAL CLASSIFICATION NUMBER | |
| Classification number | 001.42 |
| Author Mark | BIB |
| 100 ## - MAIN ENTRY--PERSONAL NAME | |
| Personal name | Biber, Sharlene Hesse |
| 9 (RLIN) | 22911 |
| 245 ## - TITLE STATEMENT | |
| Title | Mixed methods research: Merging theory with practice |
| 942 ## - ADDED ENTRY ELEMENTS (KOHA) | |
| Source of classification or shelving scheme | |
| Koha item type | Book |
| Withdrawn status | Lost status | Source of classification or shelving scheme | Damaged status | Not for loan | Permanent Location | Current Location | Date acquired | Total Checkouts | Full call number | Barcode | Date last seen | Date last checked out | Price effective from | Koha item type |
|---|---|---|---|---|---|---|---|---|---|---|---|---|---|---|
| School of Civil and Environmental Engineering (SCEE) | School of Civil and Environmental Engineering (SCEE) | 10/04/2019 | 1 | 001.42 BIB | NIT-11312 | 01/13/2020 | 10/04/2019 | 10/04/2019 | Book | |||||
| School of Civil and Environmental Engineering (SCEE) | School of Civil and Environmental Engineering (SCEE) | 10/11/2019 | 001.42 BIB | NIT-11311 | 10/11/2019 | 10/11/2019 | Book | |||||||
| School of Civil and Environmental Engineering (SCEE) | School of Civil and Environmental Engineering (SCEE) | 10/11/2019 | 001.42 BIB | NIT-11313 | 10/11/2019 | 10/11/2019 | Book |
